La pintura y la moda (Record no. 140964)
[ view plain ]
| 000 -LEADER | |
|---|---|
| campo de control de longitud fija | 00562nam a2200181 i 4500 |
| 001 - NÚMERO DE CONTROL | |
| campo de control | 140964 |
| 003 - IDENTIFICADOR DE NÚMERO DE CONTROL | |
| campo de control | ES-MaACL |
| 005 - FECHA Y HORA DE LA ÚLTIMA TRANSACCIÓN | |
| campo de control | 20230906200206.0 |
| 007 - CAMPO FIJO DE DESCRIPCIÓN FÍSICA--INFORMACIÓN GENERAL | |
| campo de control de longitud fija | t| |
| 008 - DATOS DE LONGITUD FIJA--INFORMACIÓN GENERAL | |
| campo de control de longitud fija | 070918s1959 ag f |||| | spa d |
| 100 1# - ENTRADA PRINCIPAL--NOMBRE DE PERSONA | |
| Nombre de persona | Werth, Leon. |
| 9 (RLIN) | 116521 |
| 245 13 - MENCIÓN DEL TÍTULO | |
| Título | La pintura y la moda |
| Resto del título | : cuarenta años después de Cézanne / |
| Mención de responsabilidad, etc. | Leon Werth ; [versión por Geo Dorival]. |
| 260 ## - PUBLICACIÓN, DISTRIBUCIÓN, ETC. | |
| Lugar de publicación, distribución, etc. | Buenos Aires : |
| Nombre del editor, distribuidor, etc. | Schapire, |
| Fecha de publicación, distribución, etc. | [1959] |
| 300 ## - DESCRIPCIÓN FÍSICA | |
| Extensión | 196 p., 15 lám. ; |
| Dimensiones | 20 cm. |
| 650 #4 - PUNTO DE ACCESO ADICIONAL DE MATERIA--TÉRMINO DE MATERIA | |
| Término de materia o nombre geográfico como elemento de entrada | Moda- |
| Subdivisión general | En el arte. |
| 9 (RLIN) | 164783 |
| 700 1# - ENTRADA AGREGADA--NOMBRE PERSONAL | |
| Nombre de persona | Dorival, Geo. |
| 9 (RLIN) | 45408 |
| 852 ## - LOCALIZACIÓN | |
| Ubicación | ES-MaACL |
| Número de control de estantería | E-9577 |
| Estatus retirado | Estado de pérdida | Estado de daño | No para préstamo | Biblioteca de origen | Biblioteca actual | Ubicación en estantería | Fecha de adquisición | Fuente de adquisición | Total de préstamos | Signatura topográfica completa | Código de barras | Visto por última vez | Precio de reemplazo | Tipo de ítem Koha |
|---|---|---|---|---|---|---|---|---|---|---|---|---|---|---|
| Biblioteca del Ateneo de Madrid | Biblioteca del Ateneo de Madrid | Depósito 2 | 17/01/2008 | E-9577 | 1146679 | 23/02/2023 | 23/02/2023 | Libro impreso |
